000 00399nam a2200181Ia 4500
001 3876
005 20260306145715.0
008 260306t2002||||xx |||||||||||||| ||spa||
041 _aESP
082 _a305
_bM12
100 _aMac Gregor, Felipe E.
_eAUT
245 0 _aReflexión sobre el Perú
260 _c2002
300 _a
_c
650 _aGEN
654 _aCHU
942 _cLIB
_dJUS
_fJUS
_2ddc
_n
999 _c3876
_d3876